| 000 -LEADER |
| fixed length control field |
00820nam a22002057a 4500 |
| 001 - CONTROL NUMBER |
| control field |
21462 |
| 003 - CONTROL NUMBER IDENTIFIER |
| control field |
BD-DhUAP |
| 005 - DATE AND TIME OF LATEST TRANSACTION |
| control field |
20220109194209.0 |
| 008 - FIXED-LENGTH DATA ELEMENTS--GENERAL INFORMATION |
| fixed length control field |
220109b2019 bg ||||| |||| 001 0cben d |
| 020 ## - INTERNATIONAL STANDARD BOOK NUMBER |
| International Standard Book Number |
9789845063197 |
| 040 ## - CATALOGING SOURCE |
| Original cataloging agency |
BD-DhUAP |
| Language of cataloging |
ben |
| Transcribing agency |
BD-DhUAP |
| Modifying agency |
BD-DhUAP |
| Description conventions |
BD-DhUAP |
| 082 ## - DEWEY DECIMAL CLASSIFICATION NUMBER |
| Classification number |
954.9205 CHO |
| 100 ## - MAIN ENTRY--PERSONAL NAME |
| Personal name |
চৌধুরী ,আফসান । |
| 245 ## - TITLE STATEMENT |
| Title |
গ্রামের একাত্তর / |
| Remainder of title |
আফসান চৌধুরী । |
| 260 ## - PUBLICATION, DISTRIBUTION, ETC. |
| Place of publication, distribution, etc. |
ঢাকা : |
| Name of publisher, distributor, etc. |
ইউনিভার্সিটি প্রেস, |
| Date of publication, distribution, etc. |
২০১৯ । |
| 300 ## - PHYSICAL DESCRIPTION |
| Extent |
xiv, ২০৫ পৃষ্ঠা ; |
| Dimensions |
২২ সে.মি.। |
| 500 ## - GENERAL NOTE |
| General note |
নির্ঘন্ট সম্বলিত। |
| 650 ## - SUBJECT ADDED ENTRY--TOPICAL TERM |
| Topical term or geographic name entry element |
বাংলাদেশ- ইতিহাস- মুক্তিযুদ্ধ |
| 942 ## - ADDED ENTRY ELEMENTS (KOHA) |
| Source of classification or shelving scheme |
|
| Koha item type |
Book |